Hluk a vibrácie zborník

Bibliographic Details
Format: Book
Language:Slovak
PhysicalDescription:149 s. sch., tab. 20 cm
Published: Bratislava Dom techniky ČSVTS 1978
Subjects:

MARC

LEADER 00000cam a2200000 a 4500
001 vtls001114370
003 SK-MaSNL
005 20260301001539.0
008 250414s1978 xo n 00000 slo
015 |a SNBA1979 
020 |q (brož.) 
035 |a SNK000057213 
040 |a SNK  |b slo  |c SNK  |e AACR2 
041 0 |a slo 
044 |a xo  |c SK 
080 |a 628.517:331.82(08)  |2 1981 
080 |a 331.82(08)  |2 1981 
080 |a 331.82  |2 1981 
080 |a 628.517(08)  |2 1981 
245 0 0 |a Hluk a vibrácie  |b zborník  |c zostavila Alžbeta Virgovičová 
260 |a Bratislava  |b Dom techniky ČSVTS  |c 1978  |e Bratislava  |f Dom techniky ČSVTS 
300 |a 149 s.  |b sch., tab.  |c 20 cm 
366 |e 250 výtl. 
500 |a Vydané pre účastníkov podujatia a pre služobnú potrebu podnikov 
650 0 7 |a pracovné prostredie  |2 SNKPH  |9 1299 
650 0 7 |a hluk  |2 SNKPH  |9 3699 
650 0 7 |a vibrácie  |2 SNKPH  |9 26273 
650 0 7 |a ochrana zdravia  |2 SNKPH  |9 1135 
655 7 |a zborníky  |2 SNKPH  |9 70165 
700 1 |a Virgovičová, Alžbeta  |4 oth  |9 279494 
852 |a Slovenská národná knižnica 
954 |a odborná, vedecká literatúra pôvodná (slovenská)  |2 lita 
958 |a OND 
958 |a RM 
999 |c 535136  |d 537066 
952 |a SNK  |b SNK  |y VYP  |7 0  |p 17A0466765  |o snkSD 48756 D1  |i snkD 2284/90  |0 0  |1 0  |4 0  |d 2005-05-26  |l 0  |r 2026-02-23 12:22:44  |w 2026-02-23